How to learn writing in English

Ebook from IG Library; Includes bibliographical references and indexes

Сохранить в:
Библиографические подробности
Главный автор: Durodola, Sharolyn Pollard
Формат:
Язык:Undetermined
Опубликовано: New Delhi University of Chicago Press 2008
Предметы:
Online-ссылка:http://lrc.tdmu.edu.vn/opac/search/detail.asp?aID=2&ID=37608
Метки: Добавить метку
Нет меток, Требуется 1-ая метка записи!
Thư viện lưu trữ: Trung tâm Học liệu Trường Đại học Thủ Dầu Một
LEADER 00774nam a2200193Ia 4500
001 TDMU_37608
008 210410s9999 xx 000 0 und d
082 |a 614.58852 
100 |a Durodola, Sharolyn Pollard 
245 0 |a How to learn writing in English 
245 0 |c Sharolyn Pollard Durodola 
260 |a New Delhi 
260 |b University of Chicago Press 
260 |c 2008 
300 |a viii, 274 p. 
520 |a Ebook from IG Library; Includes bibliographical references and indexes 
650 |a English teaching  |x Writing; Leaning English  |x Writing; Giảng dạy tiếng Anh  |x Viết; Học tiếng Anh  |x Viết 
856 |u http://lrc.tdmu.edu.vn/opac/search/detail.asp?aID=2&ID=37608 
980 |a Trung tâm Học liệu Trường Đại học Thủ Dầu Một